[Event "CHN-ch U20"]
[Site "Shenzhen"]
[Date "2023.08.01"]
[Round "9"]
[White "Liu, Aiwei"]
[Black "Zhang, Fuhan"]
[Result "1/2-1/2"]
[WhiteElo "1923"]
[BlackElo "2099"]
[PlyCount "40"]
[EventDate "2023.07.28"]
[EventType "swiss"]
[EventRounds "11"]
[EventCountry "CHN"]
[SourceTitle "CBM 215 Extra"]
[Source "ChessBase"]
[SourceDate "2023.09.30"]
[SourceVersion "1"]
[SourceVersionDate "2023.09.30"]
[SourceQuality "1"]

1. c4 Nf6 2. Nf3 g6 3. g3 Bg7 4. Bg2 0-0 5. d4 c6 6. 0-0 d5 7. Nc3 Bf5 8. cxd5 cxd5 9. Qb3 Qb6 10. Qxb6 axb6 11. Bf4 Nc6 12. Bc7 Rfc8 13. Bf4 Ra5 14. Bd2 b5 15. a3 Rca8 16. Rac1 b4 17. axb4 Nxb4 18. Ne5 Na2 19. Rce1 Nb4 20. e4 dxe4 1/2-1/2